Các nhân vật lịch sử cận đại : Nga . t. II /
में बचाया:
| मुख्य लेखक: | |
|---|---|
| अन्य लेखक: | , |
| स्वरूप: | Sách giấy |
| भाषा: | Vietnamese |
| प्रकाशित: |
Hà Nội :
Giáo dục ,
1998
|
| टैग : |
टैग जोड़ें
कोई टैग नहीं, इस रिकॉर्ड को टैग करने वाले पहले व्यक्ति बनें!
|
| Thư viện lưu trữ: | Thư viện Trường Đại học Đà Lạt |
|---|
| LEADER | 00705nam a2200277 4500 | ||
|---|---|---|---|
| 001 | DLU020013017 | ||
| 005 | ##6/5/2000 | ||
| 020 | # | # | |a 978- |
| 041 | # | # | |a vie |
| 082 | # | # | |a 920 |b LE-Q |
| 090 | # | # | |a 920 |b LE-Q |
| 100 | # | # | |a Lê Vinh Quốc |
| 245 | # | # | |a Các nhân vật lịch sử cận đại : |b Nga . |n t. II / |c Lê Vinh Quốc, Lê Phụng Hoàng, Nguyễn Thị Thư |
| 260 | # | # | |a Hà Nội : |b Giáo dục , |c 1998 |
| 300 | # | # | |a 190 tr.; |c 20 cm. |
| 700 | # | # | |a Lê Phụng Hoàng |
| 700 | # | # | |a Nguyễn Thị Thư |
| 992 | # | # | |a 10300 |
| 994 | # | # | |a DLU |
| 900 | # | # | |a False |
| 911 | # | # | |a Admin |
| 925 | # | # | |a G |
| 926 | # | # | |a A |
| 927 | # | # | |a SH |
| 980 | # | # | |a Thư viện Trường Đại học Đà Lạt |